Chinese Zodiac Signs Quiz Stats

 Plays Quiz Updated Mar 29, 2021

Support Sporcle.
Go Orange.
Score 0/12 Timer 03:00
13 Plays Today
Year Sign % Correct
2012Year of the Dragon
90%
2020Year of the Rat
88.1%
2018Year of the Dog
87.1%
2013Year of the Snake
81%
2019Year of the Pig
78.7%
2010Year of the Tiger
77.8%
2014Year of the Horse
77.6%
2016Year of the Monkey
74.4%
2015Year of the Sheep
68.4%
2011Year of the Rabbit
66.8%
2017Year of the Rooster
66.7%
2021Year of the Ox
65.2%

From the Vault

Mountain Range Country Minefield Blitz

by Ubbiebubbie

Geography 90s
Use caution when blitzing through mountains. We don't want anyone to fall!
Remove Ads.
Support Sporcle.
Get the best of Sporcle when you Go Orange. This ad-free experience offers more features, more stats, and more fun while also helping to support Sporcle. Thank you for becoming a member.

Show Comments

Extras

Top Quizzes Today


Score Distribution

Your Account Isn't Verified!

In order to create a playlist on Sporcle, you need to verify the email address you used during registration. Go to your Sporcle Settings to finish the process.

Report this User

Report this user for behavior that violates our Community Guidelines.

Details: